Информационные технологии в оптотехнике (12.03.02): электронный курс

Bibliographic Details
Main Author: Степанов С. А. Сергей Александрович
Corporate Author: Национальный исследовательский Томский политехнический университет Инженерная школа новых производственных технологий Отделение материаловедения (570)
Summary:Заглавие с экрана
Курс предназначен для изучения современных подходов к построению математического и программного обеспечения информационных систем. Особое внимание уделяется формированию у студентов практических навыков применения прикладных программ к решению задач математической обработки и анализа данных. Сформированные в результате изучения дисциплины компетенции помогут при изучении общих и специальных дисциплин, в практической инженерной деятельности.
Интерактивный мультимедиа ресурс
AM_Login_TPU
Language:Russian
Published: Томск, TPU Moodle, 2024
Subjects:
Online Access:https://design.lms.tpu.ru/course/view.php?id=5122
Format: MixedMaterials Electronic Book
KOHA link:https://koha.lib.tpu.ru/cgi-bin/koha/opac-detail.pl?biblionumber=675258

MARC

LEADER 00000nlm0a2200000 4500
001 675258
005 20241010094408.0
090 |a 675258 
100 |a 20241008d2024 m||y0rusy50 ca 
101 0 |a rus 
102 |a RU 
105 |a a j 000yy 
135 |a jrcn ---uucaa 
181 0 |a i   |b  e  
182 0 |a b 
183 0 |a cr  |2 RDAcarrier 
200 1 |a Информационные технологии в оптотехнике (12.03.02)  |e электронный курс  |f С. А. Степанов  |g Национальный исследовательский Томский политехнический университет, Отделение материаловедения 
203 |a Текст  |c электронный  |b визуальный 
210 |a Томск  |c TPU Moodle  |d 2024 
283 |a online_resource  |2 RDAcarrier 
300 |a Заглавие с экрана 
330 |a Курс предназначен для изучения современных подходов к построению математического и программного обеспечения информационных систем. Особое внимание уделяется формированию у студентов практических навыков применения прикладных программ к решению задач математической обработки и анализа данных. Сформированные в результате изучения дисциплины компетенции помогут при изучении общих и специальных дисциплин, в практической инженерной деятельности. 
336 |a Интерактивный мультимедиа ресурс 
371 |a AM_Login_TPU 
610 1 |a электронный ресурс 
610 1 |a труды учёных ТПУ 
610 1 |a электронное обучение 
610 1 |a кампусные онлайн-курсы 
610 1 |a дистанционное образование 
610 1 |a дистанционное обучение 
610 1 |a e-learning 
610 1 |a Moodle 
610 1 |a математический процессор 
610 1 |a MathCAD 
610 1 |a решения 
610 1 |a уравнения 
610 1 |a системы 
610 1 |a дифференциальные уравнения 
610 1 |a интегрирование 
610 1 |a Origin 
675 |a 621.39(075.8)  |v 4 
700 1 |a Степанов  |b С. А.  |c специалист в области светотехники  |c инженер Томского политехнического университета  |f 1986-  |g Сергей Александрович  |9 14555 
712 0 2 |a Национальный исследовательский Томский политехнический университет  |b Инженерная школа новых производственных технологий  |b Отделение материаловедения  |9 28324  |4 570 
801 0 |a RU  |b 63413507  |c 20241008  |g RCR 
850 |a 63413507 
856 4 |u https://design.lms.tpu.ru/course/view.php?id=5122  |z https://design.lms.tpu.ru/course/view.php?id=5122 
942 |c CF